000 00765 a2200205 4500
010 _aENG-88995
020 _c52.00
_a8172084447
035 _aEN-72528
037 _bDBAD / PUB
082 1 4 _a230.35
090 _c9814
_d9814
100 _aChibber, M.L.
245 1 0 _aSai Baba's mahavakya on leadership :
_cby M.L. Chibber
_bbook for youth, parents and teachers /
250 _a2nd ed
260 _aPrasanthi Nilayam
_bSri Sathya Sai Books & Publications Trust
_c2005
270 _aPrasanti Nilayam, P.O. 515134, Anantapur Distt.
_bPrasanthi Nilayam P.O.,
_e515134
_cAndhra Pradesh
300 _axxii, 209p.
_c22 cm (Hb)
942 _adpl
_cEN
_k230.35 / CHI
999 _c9635
_d9635